Electret Devices For Air Pollution Control (Record no. 2697)

MARC details
000 -LEADER
fixed length control field 00282nam a22001217a 4500
041 ## - LANGUAGE CODE
Language code of text/sound track or separate title ENG
100 ## - MAIN ENTRY--PERSONAL NAME
Personal name Thomas Kallard
245 ## - TITLE STATEMENT
Title Electret Devices For Air Pollution Control
260 ## - PUBLICATION, DISTRIBUTION, ETC. (IMPRINT)
Place of publication, distribution, etc New Delhi
Name of publisher, distributor, etc Optonic Press
Date of publication, distribution, etc 1970
300 ## - PHYSICAL DESCRIPTION
Extent 126
650 ## - SUBJECT ADDED ENTRY--TOPICAL TERM
Topical term or geographic name as entry element EOES (12)
856 ## - ELECTRONIC LOCATION AND ACCESS
Uniform Resource Identifier EOES
Holdings
Withdrawn status Lost status Source of classification or shelving scheme Damaged status Not for loan Home library Current library Shelving location Date acquired Total Checkouts Barcode Date last seen Price effective from Koha item type
    Dewey Decimal Classification     College of Agricultural Engineering and Technology, Dapoli , Library College of Agricultural Engineering and Technology, Dapoli , Library Book Cart 09/12/2021   T00098 09/12/2021 09/12/2021 Books

Contact Us: College of Agricultural Engineering and Technology, Dapoli, Dist.- Ratnagiri
Website: https://dbskkv.org Email: caetlibrary2015@gmail.com